[Event "ESP-ch U18"]
[Site "Mondariz"]
[Date "2003.07.28"]
[Round "1.8"]
[White "Moreno Gracia, David"]
[Black "Cuenca Jimenez, Jose Fernando"]
[Result "0-1"]
[WhiteElo "2003"]
[BlackElo "2266"]
[PlyCount "72"]
[EventDate "2003.07.28"]
[EventType "swiss"]
[EventRounds "8"]
[EventCountry "ESP"]
[SourceTitle "CBM 095 Extra"]
[Source "ChessBase"]
[SourceDate "2003.09.04"]
[SourceVersion "1"]
[SourceVersionDate "2003.09.04"]
[SourceQuality "1"]

1. e4 d5 2. exd5 Qxd5 3. Nc3 Qa5 4. d4 Nf6 5. Bc4 c6 6. Nge2 Bf5 7. Ng3 Bg6 8.
O-O e6 9. Bb3 Be7 10. f4 O-O 11. Qf3 Re8 12. f5 exf5 13. Nxf5 Nbd7 14. Bg5 Bf8
15. Nh6+ gxh6 16. Bxf6 Nxf6 17. Qxf6 Qc7 18. Rf3 Bg7 19. Qh4 Rad8 20. Rd1 b5
21. a3 a5 22. Rff1 b4 23. axb4 axb4 24. Na2 Qb6 25. Kh1 Rxd4 26. Rxd4 Bxd4 27.
Qf4 Re7 28. Qxh6 c5 29. h4 Qb5 30. Rd1 Be3 31. Rd8+ Re8 32. Qxe3 Rxd8 33. c3
bxc3 34. Qxc3 Rd3 35. Bc4 Rxc3 36. Bxb5 Rc2 0-1

[Event "ESP-ch U18"]
[Site "Mondariz"]
[Date "2003.07.29"]
[Round "2.8"]
[White "Cuenca Jimenez, Jose Fernando"]
[Black "Vega Gutierrez, Belinda Vidina"]
[Result "1-0"]
[WhiteElo "2266"]
[BlackElo "2106"]
[PlyCount "65"]
[EventDate "2003.07.28"]
[EventType "swiss"]
[EventRounds "8"]
[EventCountry "ESP"]
[SourceTitle "CBM 095 Extra"]
[Source "ChessBase"]
[SourceDate "2003.09.04"]
[SourceVersion "1"]
[SourceVersionDate "2003.09.04"]
[SourceQuality "1"]

1. c4 e6 2. Nf3 Nf6 3. g3 d5 4. Bg2 Be7 5. O-O O-O 6. Qc2 b6 7. b3 Bb7 8. Bb2
a6 9. d3 Re8 10. Nbd2 c5 11. e3 Nc6 12. a3 Qc7 13. Rad1 Rad8 14. Rfe1 Qb8 15.
Qb1 b5 16. cxd5 exd5 17. Qa1 a5 18. Nh4 Nh5 19. Nf5 Bf6 20. Rc1 Bxb2 21. Qxb2
Qa7 22. Qc2 Ne5 23. d4 cxd4 24. Nxd4 Qb6 25. Qc7 Qxc7 26. Rxc7 Ba6 27. Ra7 Rd6
28. Rc1 Nf6 29. Bf1 Rb6 30. a4 h6 31. axb5 Bb7 32. Rc7 Bc8 33. Rxa5 1-0

[Event "ESP-ch U18"]
[Site "Mondariz"]
[Date "2003.07.30"]
[Round "4.2"]
[White "Moreno Trujillo, Alejandro"]
[Black "Cuenca Jimenez, Jose Fernando"]
[Result "1/2-1/2"]
[WhiteElo "2373"]
[BlackElo "2266"]
[PlyCount "95"]
[EventDate "2003.07.28"]
[EventType "swiss"]
[EventRounds "8"]
[EventCountry "ESP"]
[SourceTitle "CBM 095 Extra"]
[Source "ChessBase"]
[SourceDate "2003.09.04"]
[SourceVersion "1"]
[SourceVersionDate "2003.09.04"]
[SourceQuality "1"]

1. d4 f5 2. g3 Nf6 3. Bg2 g6 4. Nf3 Bg7 5. O-O O-O 6. c4 d6 7. Nc3 Qe8 8. b3 h6
9. Bb2 g5 10. Re1 Qh5 11. e3 c6 12. d5 Bd7 13. Nd4 Qxd1 14. Raxd1 c5 15. Ne6
Bxe6 16. dxe6 Nc6 17. Ba1 Ne8 18. Nd5 Bxa1 19. Rxa1 Rc8 20. a3 Nc7 21. b4 Nxd5
22. Bxd5 Rc7 23. b5 Ne5 24. a4 Kg7 25. Ra3 Ng6 26. a5 b6 27. axb6 axb6 28. Rea1
Rb8 29. f4 Rcc8 30. Rf1 gxf4 31. exf4 Kf6 32. Ra7 Rg8 33. Kf2 Nf8 34. Rfa1 Rg7
35. Ra8 Rxa8 36. Rxa8 Nxe6 37. Rb8 Nc7 38. Rxb6 Nxd5 39. cxd5 Rg8 40. Ke3 Rc8
41. Ra6 Rb8 42. Ra5 e6 43. Ra6 Ke7 44. Ra7+ Kf6 45. Rh7 exd5 46. Rxh6+ Ke7 47.
Rh5 Ke6 48. Rh6+ 1/2-1/2

[Event "ESP-ch U18"]
[Site "Mondariz"]
[Date "2003.07.31"]
[Round "5.2"]
[White "Cuenca Jimenez, Jose Fernando"]
[Black "Ibarra Jerez, Jose Carlos"]
[Result "1/2-1/2"]
[WhiteElo "2266"]
[BlackElo "2387"]
[PlyCount "34"]
[EventDate "2003.07.28"]
[EventType "swiss"]
[EventRounds "8"]
[EventCountry "ESP"]
[SourceTitle "CBM 095 Extra"]
[Source "ChessBase"]
[SourceDate "2003.09.04"]
[SourceVersion "1"]
[SourceVersionDate "2003.09.04"]
[SourceQuality "1"]

1. c4 Nf6 2. Nc3 e5 3. Nf3 d6 4. d4 e4 5. Ng5 Qe7 6. Qc2 Bf5 7. f3 Nc6 8. fxe4
Bg6 9. e3 h6 10. Nf3 Nxe4 11. Bd3 Nxc3 12. Bxg6 Nxa2 13. Rxa2 fxg6 14. Qxg6+
Qf7 15. Qxf7+ Kxf7 16. Rf1 Ke8 17. Nh4 Be7 1/2-1/2

[Event "Collado Villalba op-A 20th"]
[Site "Collado Villalba"]
[Date "2003.08.22"]
[Round "1"]
[White "Bass, Leonid"]
[Black "Cuenca Jimenez, Jose Fernando"]
[Result "1-0"]
[WhiteElo "2444"]
[BlackElo "2265"]
[PlyCount "55"]
[EventDate "2003.08.22"]
[EventType "swiss"]
[EventRounds "9"]
[EventCountry "ESP"]
[SourceTitle "EXT 2004"]
[Source "ChessBase"]
[SourceDate "2003.11.25"]
[SourceVersion "1"]
[SourceVersionDate "2003.11.25"]
[SourceQuality "1"]

1. d4 Nf6 2. c4 c5 3. d5 b5 4. Nf3 g6 5. cxb5 a6 6. b6 d6 7. Nc3 Nbd7 8. e4
Nxb6 9. a4 a5 10. e5 dxe5 11. Nxe5 Ba6 12. Bxa6 Rxa6 13. Qb3 Nbd7 14. Nc4 Bg7
15. O-O O-O 16. Re1 Re8 17. Bf4 Nh5 18. Bg5 h6 19. Qb7 Ra8 20. Bxe7 Rxe7 21.
Rxe7 Qxe7 22. Qxa8+ Kh7 23. d6 Qh4 24. Qe4 Nf4 25. g3 Nh3+ 26. Kg2 Qh5 27. Qf3
Qxf3+ 28. Kxf3 1-0

[Event "Collado Villalba op-A 20th"]
[Site "Collado Villalba"]
[Date "2003.08.28"]
[Round "7"]
[White "Cuenca Jimenez, Jose Fernando"]
[Black "Garcia Dorado, Alberto"]
[Result "1-0"]
[WhiteElo "2265"]
[BlackElo "2135"]
[PlyCount "59"]
[EventDate "2003.08.22"]
[EventType "swiss"]
[EventRounds "9"]
[EventCountry "ESP"]
[SourceTitle "EXT 2004"]
[Source "ChessBase"]
[SourceDate "2003.11.25"]
[SourceVersion "1"]
[SourceVersionDate "2003.11.25"]
[SourceQuality "1"]

1. d4 Nf6 2. Nf3 d5 3. c4 c6 4. Qc2 e6 5. Bg5 Nbd7 6. e3 Qa5+ 7. Nbd2 Ne4 8.
Bf4 Bb4 9. a3 Bd6 10. Bg3 Ndf6 11. Bd3 Bd7 12. Bxd6 Nxd6 13. c5 Nf5 14. Ne5 g6
15. g4 Ne7 16. b4 Qc7 17. Ndf3 h6 18. h4 Bc8 19. Ke2 Nd7 20. Nxd7 Bxd7 21. Ne5
f6 22. Bxg6+ Kf8 23. Nf7 Kg7 24. h5 Rhf8 25. Nd6 Nc8 26. Bh7 Ne7 27. f4 Be8 28.
Rag1 Nc8 29. Nxe8+ Rxe8 30. Qg6+ 1-0

[Event "Collado Villalba op-A 20th"]
[Site "Collado Villalba"]
[Date "2003.08.29"]
[Round "8"]
[White "Belezky, Alexander"]
[Black "Cuenca Jimenez, Jose Fernando"]
[Result "0-1"]
[WhiteElo "2385"]
[BlackElo "2265"]
[PlyCount "62"]
[EventDate "2003.08.22"]
[EventType "swiss"]
[EventRounds "9"]
[EventCountry "ESP"]
[SourceTitle "EXT 2004"]
[Source "ChessBase"]
[SourceDate "2003.11.25"]
[SourceVersion "1"]
[SourceVersionDate "2003.11.25"]
[SourceQuality "1"]

1. Nf3 g6 2. g3 Bg7 3. Bg2 c5 4. d3 Nc6 5. c3 e5 6. h4 h6 7. a3 Nge7 8. b4 d6
9. Nbd2 Be6 10. b5 Na5 11. Bb2 O-O 12. Qc2 d5 13. c4 d4 14. O-O-O a6 15. a4
axb5 16. axb5 Qc7 17. Nb3 Nc8 18. Nfd2 Nb6 19. Nxa5 Rxa5 20. Nb3 Ra4 21. Bxb7
Nxc4 22. Nxc5 Qxc5 23. Qxa4 Nd6+ 24. Kb1 Nxb5 25. Ka1 Rb8 26. Rc1 Nc3 27. Bxc3
dxc3 28. Bf3 e4 29. d4 Bxd4 30. e3 c2+ 31. exd4 Qc3# 0-1

[Event "Albacete op 11th"]
[Site "Albacete"]
[Date "2003.09.02"]
[Round "2"]
[White "Cuenca Jimenez, Jose Fernando"]
[Black "Pogorelov, Ruslan"]
[Result "1-0"]
[WhiteElo "2266"]
[BlackElo "2449"]
[PlyCount "77"]
[EventDate "2003.09.01"]
[EventType "swiss"]
[EventRounds "9"]
[EventCountry "ESP"]
[SourceTitle "CBM 096 Extra"]
[Source "ChessBase"]
[SourceDate "2003.10.22"]
[SourceVersion "2"]
[SourceVersionDate "2003.10.20"]
[SourceQuality "1"]

1. d4 Nf6 2. Nf3 e6 3. Bg5 h6 4. Bxf6 Qxf6 5. e4 g5 6. h3 Bg7 7. Nc3 d6 8. Bd3
Qe7 9. Qd2 a6 10. Ne2 c5 11. c3 Nc6 12. Ng3 cxd4 13. Nh5 Be5 14. cxd4 Bxd4 15.
Nxd4 Nxd4 16. Bxa6 e5 17. Bc4 Be6 18. Bxe6 fxe6 19. O-O O-O 20. Ng3 Qf6 21. Ne2
Rac8 22. Qd3 Nxe2+ 23. Qxe2 d5 24. Rac1 d4 25. Rc2 Rfd8 26. Rd1 Qe7 27. Qd3
Rxc2 28. Qxc2 Rd7 29. Rc1 d3 30. Qc3 d2 31. Rd1 Qd6 32. a4 Kf7 33. a5 Kf6 34.
f3 b6 35. axb6 Qxb6+ 36. Kf1 Qb5+ 37. Kf2 Rd3 38. Qc8 Qb6+ 39. Kf1 1-0

[Event "Albacete op 11th"]
[Site "Albacete"]
[Date "2003.09.02"]
[Round "3"]
[White "Minzer, Claudio Javier"]
[Black "Cuenca Jimenez, Jose Fernando"]
[Result "1/2-1/2"]
[WhiteElo "2428"]
[BlackElo "2266"]
[PlyCount "83"]
[EventDate "2003.09.01"]
[EventType "swiss"]
[EventRounds "9"]
[EventCountry "ESP"]
[SourceTitle "CBM 096 Extra"]
[Source "ChessBase"]
[SourceDate "2003.10.22"]
[SourceVersion "2"]
[SourceVersionDate "2003.10.20"]
[SourceQuality "1"]

1. d4 f5 2. g3 Nf6 3. Bg2 g6 4. Nf3 Bg7 5. O-O O-O 6. Nbd2 d6 7. c3 c6 8. b4
Kh8 9. Qb3 Na6 10. Bb2 Nc7 11. c4 Be6 12. Qc2 Bg8 13. Rfe1 Qd7 14. a4 a6 15.
Rad1 Rae8 16. Nb3 Qc8 17. Nc1 Ne4 18. e3 Qe6 19. c5 Nd5 20. Nd3 Ndf6 21. Re2
Qb3 22. Qxb3 Bxb3 23. Ra1 Bc4 24. Nfe1 d5 25. f3 Ng5 26. Rc2 Nd7 27. Nf2 Nf7
28. f4 e6 29. Ra3 Ra8 30. Bc3 Kg8 31. Nf3 Rfb8 32. Nd2 Be2 33. Nb3 Bh5 34. Na5
Bf6 35. Rb2 Nd8 36. Nd3 b6 37. cxb6 Rxb6 38. Rc2 Ra7 39. Kf2 g5 40. Be1 Be8 41.
Nc5 gxf4 42. gxf4 1/2-1/2

[Event "Albacete op 11th"]
[Site "Albacete"]
[Date "2003.09.03"]
[Round "4"]
[White "Cuenca Jimenez, Jose Fernando"]
[Black "Cabrera, Alexis"]
[Result "0-1"]
[WhiteElo "2266"]
[BlackElo "2491"]
[PlyCount "78"]
[EventDate "2003.09.01"]
[EventType "swiss"]
[EventRounds "9"]
[EventCountry "ESP"]
[SourceTitle "CBM 096 Extra"]
[Source "ChessBase"]
[SourceDate "2003.10.22"]
[SourceVersion "2"]
[SourceVersionDate "2003.10.20"]
[SourceQuality "1"]

1. d4 Nf6 2. Nf3 g6 3. g3 Bg7 4. Bg2 O-O 5. O-O d6 6. a4 Bd7 7. a5 Bc6 8. c4 e6
9. b4 a6 10. Qb3 d5 11. Nc3 dxc4 12. Qxc4 Ne4 13. Rd1 Nxc3 14. Qxc3 e5 15. Be3
e4 16. Ne5 Bd5 17. Rac1 c6 18. Nc4 Nd7 19. Nd6 Qe7 20. Nxb7 Rfb8 21. Nc5 Nxc5
22. Qxc5 Qxc5 23. bxc5 Rb5 24. Ra1 Rb4 25. Kf1 f5 26. Rab1 Rab8 27. Rxb4 Rxb4
28. f3 Rb5 29. fxe4 fxe4 30. Ra1 Rb2 31. Kf2 Kf7 32. Ra4 Bf6 33. Bh3 Be6 34.
Bf1 h5 35. Bc1 Rb1 36. Be3 Bg4 37. Bd2 h4 38. Rb4 e3+ 39. Kg2 Rxf1 0-1

[Event "Albacete op 11th"]
[Site "Albacete"]
[Date "2003.09.04"]
[Round "5"]
[White "Morejon Rodriguez, Eduardo"]
[Black "Cuenca Jimenez, Jose Fernando"]
[Result "0-1"]
[WhiteElo "2142"]
[BlackElo "2266"]
[PlyCount "74"]
[EventDate "2003.09.01"]
[EventType "swiss"]
[EventRounds "9"]
[EventCountry "ESP"]
[SourceTitle "CBM 096 Extra"]
[Source "ChessBase"]
[SourceDate "2003.10.22"]
[SourceVersion "2"]
[SourceVersionDate "2003.10.20"]
[SourceQuality "1"]

1. d4 f5 2. Nc3 Nf6 3. Bg5 d5 4. f3 Nc6 5. Qd2 e6 6. e4 dxe4 7. O-O-O Bb4 8.
Bxf6 Qxf6 9. fxe4 O-O 10. e5 Qd8 11. h4 Ne7 12. Bc4 c6 13. a3 Ba5 14. Qg5 b5
15. Bb3 Bxc3 16. bxc3 h6 17. Qg3 Nd5 18. Ne2 Qe7 19. Kb2 Bd7 20. Nf4 Rfb8 21.
Bxd5 cxd5 22. Ra1 a5 23. Kc1 b4 24. axb4 axb4 25. Kd2 Ra3 26. Rxa3 bxa3 27. Ra1
Ra8 28. Nd3 Kf7 29. Nc5 Bb5 30. Qf2 Kg8 31. g3 Bc4 32. Qf3 a2 33. Qh5 Rb8 34.
Qd1 Rb6 35. Nb3 Ra6 36. Qh5 Kh7 37. g4 g6 0-1

[Event "Albacete op 11th"]
[Site "Albacete"]
[Date "2003.09.04"]
[Round "6"]
[White "Velicka, Petr"]
[Black "Cuenca Jimenez, Jose Fernando"]
[Result "1-0"]
[WhiteElo "2442"]
[BlackElo "2266"]
[PlyCount "31"]
[EventDate "2003.09.01"]
[EventType "swiss"]
[EventRounds "9"]
[EventCountry "ESP"]
[SourceTitle "CBM 096 Extra"]
[Source "ChessBase"]
[SourceDate "2003.10.22"]
[SourceVersion "2"]
[SourceVersionDate "2003.10.20"]
[SourceQuality "1"]

1. e4 c5 2. Nf3 Nc6 3. Bb5 g6 4. Bxc6 dxc6 5. d3 Bg7 6. h3 e5 7. Be3 Qe7 8. Qd2
h6 9. Qc3 b6 10. b4 a5 11. bxc5 b5 12. O-O Nf6 13. Qxe5 Qxe5 14. Nxe5 Nxe4 15.
Bd4 Nxc5 16. Bxc5 1-0

[Event "Albacete op 11th"]
[Site "Albacete"]
[Date "2003.09.05"]
[Round "7"]
[White "Cuenca Jimenez, Jose Fernando"]
[Black "Parada Medrano, Ivan"]
[Result "1/2-1/2"]
[WhiteElo "2266"]
[BlackElo "2079"]
[PlyCount "54"]
[EventDate "2003.09.01"]
[EventType "swiss"]
[EventRounds "9"]
[EventCountry "ESP"]
[SourceTitle "CBM 096 Extra"]
[Source "ChessBase"]
[SourceDate "2003.10.22"]
[SourceVersion "2"]
[SourceVersionDate "2003.10.20"]
[SourceQuality "1"]

1. d4 d6 2. Nf3 Bg4 3. c4 Bxf3 4. gxf3 c6 5. Nc3 g6 6. e4 Bg7 7. Be3 Nd7 8. Qd2
e5 9. Rd1 Ngf6 10. Be2 O-O 11. O-O Re8 12. b4 Nf8 13. dxe5 dxe5 14. Qxd8 Raxd8
15. Bxa7 Ne6 16. Bb6 Ra8 17. a4 Nd4 18. a5 Nd7 19. Ra1 Nc2 20. Ra4 Bf8 21. Ra2
Nxb4 22. Rd2 Nxb6 23. axb6 Red8 24. Rfd1 Rxd2 25. Rxd2 Ra3 26. Nd1 Na6 27. Ne3
h5 1/2-1/2

[Event "Albacete op 11th"]
[Site "Albacete"]
[Date "2003.09.07"]
[Round "9"]
[White "Cabezas Ayala, Ivan"]
[Black "Cuenca Jimenez, Jose Fernando"]
[Result "1/2-1/2"]
[WhiteElo "2388"]
[BlackElo "2266"]
[PlyCount "49"]
[EventDate "2003.09.01"]
[EventType "swiss"]
[EventRounds "9"]
[EventCountry "ESP"]
[SourceTitle "CBM 096 Extra"]
[Source "ChessBase"]
[SourceDate "2003.10.22"]
[SourceVersion "2"]
[SourceVersionDate "2003.10.20"]
[SourceQuality "1"]

1. e4 c5 2. Nc3 g6 3. Nge2 Bg7 4. d4 cxd4 5. Nxd4 Nc6 6. Nb3 Nf6 7. Be2 a5 8.
a4 O-O 9. O-O d6 10. Re1 Be6 11. Bf1 Nb4 12. Nd4 Rc8 13. Ncb5 Bd7 14. c3 Na6
15. Bd3 Nc5 16. Bc2 Ne8 17. Bg5 Ne6 18. Be3 Nxd4 19. Nxd4 Nc7 20. Bb3 Na6 21.
Bc2 Nc5 22. Qd2 Qe8 23. Bh6 e5 24. Nf5 gxf5 25. Bxg7 1/2-1/2

[Event "Wch U16"]
[Site "Chalkidiki"]
[Date "2003.10.24"]
[Round "2"]
[White "Lysyj, Igor"]
[Black "Cuenca Jimenez, Jose Fernando"]
[Result "1-0"]
[WhiteElo "2470"]
[BlackElo "2298"]
[PlyCount "92"]
[EventDate "2003.10.23"]
[EventType "swiss"]
[EventRounds "11"]
[EventCountry "GRE"]
[SourceTitle "EXT 2004"]
[Source "ChessBase"]
[SourceDate "2003.11.25"]
[SourceVersion "1"]
[SourceVersionDate "2003.11.25"]
[SourceQuality "1"]

1. d4 f5 2. Nc3 Nf6 3. Bg5 d5 4. Bxf6 exf6 5. e3 Be6 6. Bd3 Nc6 7. Qf3 Qd7 8.
a3 O-O-O 9. Nge2 g6 10. Nf4 Bf7 11. Bb5 Qd6 12. b4 Ne7 13. Nd3 Kb8 14. Nc5 Nc8
15. Bd3 h5 16. h4 Bh6 17. g3 Rhe8 18. Kf1 Qf8 19. Kg2 Qg8 20. Nb5 Nd6 21. Nxd6
cxd6 22. Nb3 Rc8 23. b5 Be6 24. Qd1 Qf7 25. a4 Rc4 26. a5 Bd7 27. a6 b6 28. Nd2
Rc3 29. Rb1 Bg7 30. Nb3 Rc7 31. Nc1 Rh8 32. Na2 Bh6 33. Nb4 Kc8 34. Qf3 Be6 35.
c4 dxc4 36. Qa8+ Kd7 37. Qxh8 Bf8 38. d5 Bxd5+ 39. Nxd5 Qxd5+ 40. e4 Qf7 41.
Bc2 f4 42. Rbd1 f3+ 43. Kh2 Ke7 44. Rd5 Rd7 45. Rhd1 Ke6 46. Bb1 Rd8 1-0

[Event "Wch U16"]
[Site "Chalkidiki"]
[Date "2003.10.26"]
[Round "4"]
[White "Cuenca Jimenez, Jose Fernando"]
[Black "Baramidze, David"]
[Result "0-1"]
[WhiteElo "2298"]
[BlackElo "2463"]
[PlyCount "80"]
[EventDate "2003.10.23"]
[EventType "swiss"]
[EventRounds "11"]
[EventCountry "GRE"]
[SourceTitle "EXT 2004"]
[Source "ChessBase"]
[SourceDate "2003.11.25"]
[SourceVersion "1"]
[SourceVersionDate "2003.11.25"]
[SourceQuality "1"]

1. d4 d5 2. c4 e6 3. Nf3 Nf6 4. Nc3 Be7 5. Bg5 h6 6. Bh4 O-O 7. e3 b6 8. Qb3
Bb7 9. Bxf6 Bxf6 10. cxd5 exd5 11. Rd1 c6 12. Bd3 Nd7 13. O-O Be7 14. Rfe1 Rc8
15. Bb1 Qc7 16. e4 dxe4 17. Nxe4 Nf6 18. Qd3 g6 19. h4 Nxe4 20. Qxe4 Bb4 21.
Re3 h5 22. g4 Rce8 23. Qxe8 Rxe8 24. Rxe8+ Kg7 25. gxh5 Qf4 26. Re3 Qg4+ 27.
Kf1 Qxh5 28. a3 Bd6 29. Ba2 Ba6+ 30. Ke1 Qb5 31. Nd2 Bf4 32. Bc4 Qxb2 33. Bxa6
Bxe3 34. fxe3 Qxa3 35. Be2 Qxe3 36. Nf3 a5 37. Rd3 Qc1+ 38. Kf2 a4 39. Nd2 a3
40. Nb3 Qb2 0-1

[Event "Wch U16"]
[Site "Chalkidiki"]
[Date "2003.10.29"]
[Round "7"]
[White "Cuenca Jimenez, Jose Fernando"]
[Black "Braun, Arik"]
[Result "1/2-1/2"]
[WhiteElo "2298"]
[BlackElo "2440"]
[PlyCount "95"]
[EventDate "2003.10.23"]
[EventType "swiss"]
[EventRounds "11"]
[EventCountry "GRE"]
[SourceTitle "EXT 2004"]
[Source "ChessBase"]
[SourceDate "2003.11.25"]
[SourceVersion "1"]
[SourceVersionDate "2003.11.25"]
[SourceQuality "1"]

1. d4 d5 2. c4 c6 3. Nf3 Nf6 4. Qc2 e6 5. g3 Be7 6. Bg2 O-O 7. O-O Nbd7 8. Nbd2
b6 9. e4 Bb7 10. e5 Ne8 11. cxd5 cxd5 12. Re1 Rc8 13. Qd1 Ba6 14. Nf1 Nb8 15.
h4 h6 16. h5 Nc6 17. a3 b5 18. N1d2 b4 19. a4 Qb6 20. Nb3 Bc4 21. Be3 Bxb3 22.
Qxb3 Na5 23. Qd3 b3 24. g4 Rc2 25. Re2 Rxe2 26. Qxe2 Nc7 27. Rd1 Rc8 28. g5 Qa6
29. Bf1 Qxe2 30. Bxe2 Na8 31. gxh6 gxh6 32. Bxh6 Nb6 33. Bd3 Kh8 34. Ng5 Rg8
35. f4 Nxa4 36. Rd2 Nc4 37. Rg2 Bxg5 38. Bxg5 Rxg5 39. fxg5 Naxb2 40. Bb1 Nd1
41. Rg3 Nd2 42. Rd3 Nxb1 43. Rxb3 Nbc3 44. Rb8+ Kh7 45. Rb7 Kg8 46. Rb8+ Kh7
47. Rb7 Kg8 48. Rb8+ 1/2-1/2

[Event "Wch U16"]
[Site "Chalkidiki"]
[Date "2003.10.30"]
[Round "8"]
[White "Deepan Chakkravarthy, J."]
[Black "Cuenca Jimenez, Jose Fernando"]
[Result "1-0"]
[WhiteElo "2371"]
[BlackElo "2298"]
[PlyCount "87"]
[EventDate "2003.10.23"]
[EventType "swiss"]
[EventRounds "11"]
[EventCountry "GRE"]
[SourceTitle "EXT 2004"]
[Source "ChessBase"]
[SourceDate "2003.11.25"]
[SourceVersion "1"]
[SourceVersionDate "2003.11.25"]
[SourceQuality "1"]

1. e4 c5 2. Nf3 g6 3. d4 cxd4 4. Nxd4 Nc6 5. Nc3 Bg7 6. Be3 Nf6 7. f3 O-O 8.
Nb3 d6 9. Qd2 Be6 10. Be2 a6 11. O-O Rc8 12. Nd5 Bxd5 13. exd5 Ne5 14. Rac1 Nc4
15. Bxc4 Rxc4 16. Qd3 Rc8 17. c4 Nd7 18. Nd4 Qa5 19. Qb1 Qb4 20. b3 Bxd4 21.
Bxd4 b5 22. Bc3 Qc5+ 23. Kh1 bxc4 24. bxc4 Rfe8 25. Ba1 Nb6 26. Qb2 f6 27. Qe2
Nxc4 28. Qe6+ Kg7 29. Rce1 Nb6 30. Rd1 Qc7 31. g4 Qd7 32. g5 Qxe6 33. dxe6 Rc6
34. f4 d5 35. f5 gxf5 36. Rde1 Kg6 37. gxf6 exf6 38. Rg1+ Kh5 39. Re3 Rc4 40.
Rh3+ Rh4 41. Rxh4+ Kxh4 42. Bxf6+ Kh5 43. Rg5+ Kh6 44. h4 1-0

[Event "Wch U16"]
[Site "Chalkidiki"]
[Date "2003.10.31"]
[Round "9"]
[White "Cuenca Jimenez, Jose Fernando"]
[Black "Feuerstack, Aljoscha"]
[Result "1-0"]
[WhiteElo "2298"]
[BlackElo "2196"]
[PlyCount "77"]
[EventDate "2003.10.23"]
[EventType "swiss"]
[EventRounds "11"]
[EventCountry "GRE"]
[SourceTitle "EXT 2004"]
[Source "ChessBase"]
[SourceDate "2003.11.25"]
[SourceVersion "1"]
[SourceVersionDate "2003.11.25"]
[SourceQuality "1"]

1. d4 Nf6 2. Nf3 c5 3. d5 b5 4. c4 g6 5. cxb5 a6 6. Qc2 Nxd5 7. Qxc5 Qc7 8.
Qxc7 Nxc7 9. bxa6 Bg7 10. Nc3 Nbxa6 11. Bd2 Nb4 12. Rc1 O-O 13. a3 Nc6 14. e3
Ne6 15. Rb1 Nc5 16. Nb5 Ba6 17. b4 Ne4 18. a4 Rfb8 19. Be2 Bxb5 20. Bxb5 Nc3
21. Bxc3 Bxc3+ 22. Ke2 Bxb4 23. Rhd1 Bd6 24. Nd2 Ra7 25. Ne4 Be5 26. Nc5 Bd6
27. Ne4 Be5 28. f4 Bg7 29. Bxc6 Rxb1 30. Rxb1 dxc6 31. Rb8+ Bf8 32. Nc3 e6 33.
Rb6 Kg7 34. Kd3 Rd7+ 35. Kc4 Rd2 36. a5 Rxg2 37. a6 Rg1 38. Rb1 Rxb1 39. Nxb1
1-0

[Event "Wch U16"]
[Site "Chalkidiki"]
[Date "2003.11.01"]
[Round "10"]
[White "Koneru, Humpy"]
[Black "Cuenca Jimenez, Jose Fernando"]
[Result "1-0"]
[WhiteElo "2485"]
[BlackElo "2298"]
[PlyCount "75"]
[EventDate "2003.10.23"]
[EventType "swiss"]
[EventRounds "11"]
[EventCountry "GRE"]
[SourceTitle "EXT 2004"]
[Source "ChessBase"]
[SourceDate "2003.11.25"]
[SourceVersion "1"]
[SourceVersionDate "2003.11.25"]
[SourceQuality "1"]

1. d4 f5 2. c4 Nf6 3. Nc3 g6 4. h4 Bg7 5. Nh3 Nc6 6. Bg5 O-O 7. e3 d6 8. Qb3 e5
9. O-O-O Qe8 10. Nb5 Qe7 11. h5 a6 12. Nc3 Qf7 13. hxg6 hxg6 14. d5 Nb8 15. Be2
Nbd7 16. f3 Nc5 17. Qc2 b5 18. cxb5 axb5 19. Bxb5 Bd7 20. Bc4 Rfb8 21. e4 Rb4
22. b3 f4 23. Bh4 Bc8 24. Ng5 Qe8 25. Bf2 Ncd7 26. Ne6 Rb7 27. Bb5 Qe7 28. Bc6
Nb6 29. Nxg7 Kxg7 30. Bh4 Nbd7 31. g3 Ra5 32. Bxb7 Bxb7 33. Qh2 fxg3 34. Qxg3
Rc5 35. Kb2 Qf7 36. Bxf6+ Qxf6 37. Qh3 Nf8 38. Qh8+ 1-0

[Event "Narciso Yepes Memorial"]
[Site "Lorca"]
[Date "2004.??.??"]
[Round "2"]
[White "Kolev, Atanas"]
[Black "Cuenca Jimenez, Jose Fernando"]
[Result "1/2-1/2"]
[WhiteElo "2540"]
[BlackElo "2353"]
[PlyCount "99"]
[EventDate "2004.06.26"]
[EventType "swiss"]
[EventRounds "9"]
[EventCountry "ESP"]
[SourceTitle "EXT 2005"]
[Source "ChessBase"]
[SourceDate "2004.11.15"]
[SourceVersion "1"]
[SourceVersionDate "2004.11.15"]
[SourceQuality "1"]

1. Nf3 f5 2. g3 Nf6 3. Bg2 g6 4. b3 Bg7 5. Bb2 O-O 6. O-O d6 7. d4 Ne4 8. c4
Nc6 9. Nbd2 e5 10. dxe5 Nxd2 11. Qxd2 dxe5 12. Qd5+ Kh8 13. Qxd8 Rxd8 14. Ng5
Re8 15. Bxc6 bxc6 16. Rad1 Kg8 17. Rd2 a5 18. Rfd1 Bf6 19. f4 Bxg5 20. fxg5 e4
21. Rd8 Be6 22. Rxa8 Rxa8 23. Be5 Rc8 24. Kf2 a4 25. Rb1 Rb8 26. Rb2 Rb7 27.
Ke3 c5 28. Kd2 Kf7 29. Kc3 Ke8 30. Rd2 axb3 31. axb3 Ra7 32. h4 Bf7 33. Kb2 Be6
34. Rd1 Rb7 35. Kc3 Ra7 36. Rd2 Bf7 37. Bf4 Ke7 38. Be3 Ra5 39. Rd1 Be6 40. Kb2
Bf7 41. Rg1 Be6 42. Rh1 Bf7 43. Bf4 Ra7 44. Be5 Ke8 45. Bf6 Ra6 46. Be5 Ra7 47.
Rd1 Be6 48. Bf6 Ra8 49. Kc3 Bg8 50. Rd2 1/2-1/2

[Event "Narciso Yepes Memorial"]
[Site "Lorca"]
[Date "2004.??.??"]
[Round "5"]
[White "Cuenca Jimenez, Jose Fernando"]
[Black "Chalmeta Ugas, Ramon"]
[Result "1-0"]
[WhiteElo "2353"]
[BlackElo "2085"]
[PlyCount "127"]
[EventDate "2004.06.26"]
[EventType "swiss"]
[EventRounds "9"]
[EventCountry "ESP"]
[SourceTitle "EXT 2005"]
[Source "ChessBase"]
[SourceDate "2004.11.15"]
[SourceVersion "1"]
[SourceVersionDate "2004.11.15"]
[SourceQuality "1"]

1. c4 Nf6 2. g3 c6 3. Nf3 g6 4. Bg2 Bg7 5. O-O O-O 6. d4 d5 7. cxd5 Nxd5 8. Nc3
Nxc3 9. bxc3 Be6 10. Qd3 h6 11. a4 Nd7 12. a5 b6 13. Nd2 Qc7 14. Ba3 Nf6 15. e4
Rfe8 16. c4 Rad8 17. Rac1 Bc8 18. d5 Ba6 19. Qe3 e6 20. d6 Qb7 21. Rb1 Nd7 22.
Rfc1 e5 23. axb6 axb6 24. c5 Rb8 25. cxb6 Nxb6 26. d7 Red8 27. Bd6 Qxd7 28.
Bxb8 Rxb8 29. Bf1 Bb5 30. Nc4 Nxc4 31. Bxc4 Bf8 32. Qd3 Qxd3 33. Bxd3 Bxd3 34.
Rxb8 Bxe4 35. Re1 Bd5 36. Rxe5 Kg7 37. Re1 Bd6 38. Rc8 Kf6 39. Rc1 Ke6 40.
R1xc6 Bxc6 41. Rxc6 Kd7 42. Ra6 Ke6 43. Kg2 Ke5 44. Kf3 Be7 45. g4 Bg5 46. Ra5+
Kf6 47. Ke4 Ke6 48. Ra6+ Ke7 49. Ke5 Bd2 50. Ra7+ Kf8 51. h3 Kg7 52. Kd6 Kf6
53. Rb7 Bf4+ 54. Kd7 Kg5 55. Ke7 f5 56. Rb5 Kh4 57. gxf5 gxf5 58. Rb3 Bh2 59.
Kf6 f4 60. Kf5 Bg3 61. fxg3+ fxg3 62. Kf4 h5 63. Rf3 g2 64. Rg3 1-0